Culture Générale - Série 2550 - Statistiques

Statistiques générales
  • Ce quiz a été pris 128 fois
  • Le résultat moyen est 4 sur 10
Statistiques - réponses
Question Réponse % Correct
Dans quel pays se trouve la ville de Tataouine connue pour un ancien bagne militaire français ? Tunisie
72%
Où se situe le parc national Kruger, l’une des plus grandes réserves animalières au monde ? Afrique du sud
63%
Quelle est la capitale du petit état enclavé dans le territoire de l'Afrique du Sud ? Maseru
42%
Dans l'Avare de Molière, quel est est le père de Cléante et d'Élise ? Harpagon
41%
De quel pays Gabriel Boric a-t-il été élu Président de la République le 19 décembre 2021 ? voir photo Chili
33%
Faire quelque chose en pure perte : c'est travailler pour le roi de ... Prusse
32%
Quel prénom peut désigner un sein de femme ? Robert
32%
De quel pays José Alberto Mujica Cordano, surnommé Pepe Mujica a-t-il été le Président de la République de 2010 à 2015 ? Uruguay
23%
Quelle figure de géométrie était appelée autrefois "rhombe" ? losange
22%
Dans la mythologie grecque, c'est la première femme humaine créée par Zeus, dont le nom désigne familièrement un gendarme Pandore
11%
Aucun quiz correspondant
Distribution des résultats
% des personnes avec chaque résultat
Percentile par nombre de réponses
Votre historique - résultats
Vous n’avez pas pris ce quiz